Albumy wydane przez SBM Label - Statystyki

Ogólne statystyki
  • Ten quiz został rozwiązany 94 razy
  • Średni wynik to 21 z 33
Statystyki odpowiedzi
l.p. Wykonawca Album % Poprawnych
15 SB Maffija Hotel Maffija
89%
13 Mata 100 dni do matury
88%
24 SB Maffija Hotel Maffija 2
88%
32 SB Maffija Hotel Maffija 3
88%
22 Mata Młody Matczak
84%
12 Bedoes, Lanek Opowieści z doliny smoków
81%
5 White 2115 Rockstar
81%
18 Bedoes, Lanek Rewolucja Romantyczna
75%
27 Kinny Zimmer Letnisko
73%
19 Janusz Walczuk Janusz Walczuk
72%
31 Fukaj PRELUDIUM
72%
28 White 2115 Pretty Boy
72%
20 Białas, White 2115 Diamentowy Las
70%
4 Białas, Lanek Polon
67%
17 White 2115 Rockstar: Do zachodu słońca
66%
9 Jan-Rapowanie, Nocny Plansze
64%
21 Fukaj, Kubi Producent Chaos
63%
8 Bedoes, Kubi Producent Kwiat polskiej młodzieży
63%
11 White 2115 Młody Książę
59%
14 Jan-Rapowanie, Nocny Uśmiech
58%
3 Bedoes, Kubi Producent Aby śmierć miała znaczenie
55%
30 Kacperczyk Pokolenie końca świata
55%
25 Jan-Rapowanie Bufor
53%
16 Białas H8M5
52%
33 Mata <33
52%
1 Białas H8M4
50%
23 Kacperczyk Kryzys wieku wczesnego
50%
10 Solar Pokój zero
48%
7 Beteo Nowy Pop
45%
29 Białas Newcomer
41%
26 Lanek EXTRAVAGANZA
38%
2 Solar, Białas #nowanormalnosc
34%
6 Białas, Lanek Hyper2000
27%
Nie znaleziono quizów pasujących do podanych kryteriów
Rozkład punktacji
Procent ludzi z każdym wynikiem
Percentyl według liczby udzielonych odpowiedzi
Twoja historia wyników
Nie rozwiązałeś tego quizu